Fichas musicales: nivel 2 libro del alumno

Enregistré dans:
Détails bibliographiques
Auteurs principaux: Parga, M. Ximena (autora), Peña Fuenzalida, Carmen (Auteur), Ossandon G., Dila (Auteur)
Format: Livre
Langue:espagnol
Publié: Santiago Andrés Bello 1988
Sujets:
Tags: Ajouter un tag
Pas de tags, Soyez le premier à ajouter un tag!

MARC

LEADER 00000nam a2200000 a 4500
001 UCW6108
003 CL-VaPUC
008 911014e19880000CL |||||||||||||||||spa|d
082 0 4 |a 372.87  |b PAR  |2 21 
100 |a Parga, M. Ximena  |e autora  |9 311080 
700 |a Peña Fuenzalida, Carmen  |e author  |9 563195 
700 0 |a Ossandon G., Dila  |e author  |9 311082 
245 1 0 |a Fichas musicales: nivel 2 libro del alumno 
300 |a 89 p 
942 |c BK 
945 |d 19911014 00:00:00 
260 |a Santiago  |b Andrés Bello  |c 1988 
650 7 |a MUSICA LIBROS DE TEXTO  |2 CL-VaPUC  |9 306259 
583 |a last modification  |c 19911014 00:00:00  |k Rodrigo Vera 
999 |c 219270  |d 219268 
952 |0 0  |1 0  |4 0  |6 372_870000000000000_PAR_1988  |7 0  |8 P  |9 209963  |a BIBEDU  |b BIBEDU  |c BIBEDU_PB  |d 2019-11-15  |i 278064K  |o 372.87 PAR 1988  |p 278064K  |r 2024-01-25  |w 2019-11-15  |y BK  |k EDU